Kamusi ya isimu na falsafa ya lugha (Record no. 1479)

000 -LEADER
fixed length control field 00505nam a22001817a 4500
003 - CONTROL NUMBER IDENTIFIER
control field OSt
005 - DATE AND TIME OF LATEST TRANSACTION
control field 20150203100234.0
008 - FIXED-LENGTH DATA ELEMENTS--GENERAL INFORMATION
fixed length control field 150203b xxu||||| |||| 00| 0 eng d
020 ## - INTERNATIONAL STANDARD BOOK NUMBER
International Standard Book Number 9976911734
050 ## - LIBRARY OF CONGRESS CALL NUMBER
Classification number PL 8703.M3 2004
100 ## - MAIN ENTRY--PERSONAL NAME
Personal name Massamba, David P. B.
245 ## - TITLE STATEMENT
Title Kamusi ya isimu na falsafa ya lugha
Statement of responsibility, etc David P. B. Massamba,
260 ## - PUBLICATION, DISTRIBUTION, ETC. (IMPRINT)
Place of publication, distribution, etc Dar es Salaam
Name of publisher, distributor, etc TUKI
Date of publication, distribution, etc 2004
300 ## - PHYSICAL DESCRIPTION
Extent 118 p.
Other physical details ill.
504 ## - BIBLIOGRAPHY, ETC. NOTE
Bibliography, etc Includes bibli. refs.
650 ## - SUBJECT ADDED ENTRY--TOPICAL TERM
Topical term or geographic name as entry element Swahili language
General subdivision Dictionaries
942 ## - ADDED ENTRY ELEMENTS (KOHA)
Source of classification or shelving scheme
Koha item type Book
Holdings
Withdrawn status Lost status Source of classification or shelving scheme Damaged status Not for loan Home library Current library Shelving location Date acquired Total Checkouts Full call number Barcode Date last seen Copy number Price effective from Koha item type
          Riara University Library Riara University Library General stack 03/02/2015   PL 8703.M3 2004 5258/15 03/02/2015 C.1 03/02/2015 Book

Riara University Library,
P.O. Box 49940-00100,
Nairobi, Kenya.